Establecimientos comerciales

Bibliographic Details
Main Author: Peters, Paulhans
Format: Section = Libro
Language:Undetermined
Spanish
Published: Barcelona Gustavo Gili 1970
Subjects:
LEADER 00427nam a2200169Ia 4500
008 240829s9999 xx 000 0 und d
040 |a BIBLIOTECA-RUSB/ 725.2 P483 
041 |a spa 
082 |a 725.2 P483 
100 1 |a Peters, Paulhans 
245 1 0 |a Establecimientos comerciales 
260 |a Barcelona  |b Gustavo Gili  |c 1970 
300 |a 101 p. :il. 
650 7 |a EDIFICIOS COMERCIALES 
942 |c BK  |2 ddc 
991 |a TEXTO 
999 |c 5235